000 00602cam a22002293a 4500
001 8639
003 PGUSA
005 20140828083202.0
008 050801s2005||||xxu|||||s|||||000 p eng d
040 _aPGUSA
_beng
042 _adc
050 4 _aPR
100 1 _aSouthey, Robert,
_d1774-1843
245 1 0 _aPoems, 1799
_h[electronic resource] /
_cRobert Southey
260 _bProject Gutenberg,
_c2005
506 _aPublic domain in the USA.
516 _aElectronic text
653 _aPoetry
830 0 _aProject Gutenberg
_v8639
856 4 0 _uhttp://www.gutenberg.org/ebooks/8639
942 _cEB
999 _c237939
_d237939